The Walking Dead en 20 citations - Statistiques

Statistiques générales
  • Ce quiz a été pris 1 172 fois
  • Le résultat moyen est 7 sur 20
Statistiques - réponses
Hint Réponse % Correct
"Vous pouvez respirer… Vous pouvez cligner des yeux… Vous pouvez pleurer. Ça, vous allez tous le faire !" Negan
83%
"Tu sais mordre dans une bite Eugène." Abraham
79%
"J’dois être le premier frère noir à rentrer par effraction dans une prison…" Tyreese
73%
"J’ai jamais mangé de glaces au yaourt. J’ai jamais eu de poney. J’ai jamais eu de cadeaux du Père-Noël. J’ai jamais pu compter sur personne pour m’protéger ! J’crois que j’ai jamais pu compter sur personne pour quoi que ce soit d’ailleurs ! J’ai jamais chanté en publique devant pleins de gens, comme si tout n’était qu’un jeu, comme si on pouvait tout prendre à la rigolade. Et j’me suis certainement pas ouvert les veines histoire d’attirer l’attention." Daryl
58%
"Je te manquerai quand je serais plus là Daryl Dixon. Beth
50%
"Ma jolie, ne le prend pas personnellement mais recule d’un pas et ferme ta gueule." Merle
42%
"Des règles y’en a plus mon gars, c’est l’anarchie !" Shane
36%
"Je sais pas ce qu’il y a dans tes yeux quand tu me regardes. De la tristesse ? du mépris ? de la pitié ? de l’amour ?… Peut-être seulement de l’indifférence. Je demande pas à avoir toutes les réponses, je demande simplement un signe, n’importe quoi fera l’affaire…" Rick
32%
"Tu avais raison ; Le groupe n’existe plus !" Dale
29%
"Chaque vie est précieuse." Morgan
27%
"Le pessimiste baisse les yeux et se cogne la tête. L'optimiste lève les yeux et perd pied. Le réaliste regarde en avant et ajuste son chemin en conséquence." Ezekiel
23%
"Dans cette vie, soit tu tues ou tu meurs… soit tu meurs et tu tues." Le Gouverneur
23%
"En général, quand on a rien à cacher, on n’éprouve pas le besoin de le dire." Michonne
17%
"On croit avoir le temps, jusqu’à ce qu’il n’y en ait plus." Edwin Jenner
16%
"Avant la fin du monde, on était que des étrangers qui se seraient simplement croisés s’ils avaient marchés dans la même rue, et aujourd’hui, on représente tout les uns pour les autres." Maggie
16%
"C’est leur monde à eux… nous on vit juste dedans." Enid
15%
"C’est en vivant qu’on honore les morts, même quand on a peur. On vit car eux n’ont plus cette chance." Glenn
13%
"Tout reste possible tant que ton cœur continue de battre." Gabriel
8%
"Pourquoi nos vies auraient plus de valeur que les leurs ?" Tara
7%
"Personne n’est mauvais, c’est simplement que les gens décident d’oublier qui ils sont." Cyndie
4%
Aucun quiz correspondant
Distribution des résultats
% des personnes avec chaque résultat
Percentile par nombre de réponses
Votre historique - résultats
Vous n’avez pas pris ce quiz